[Event "Online Olym Div2 C"]
[Site "Chess.com INT"]
[Date "2021.09.04"]
[Round "7.2"]
[White "Parkhov, Yair"]
[Black "Mureya, Terrence"]
[Result "0-1"]
[WhiteElo "2434"]
[BlackElo "1868"]
[PlyCount "114"]
[EventDate "2021.09.02"]
[EventType "team (rapid)"]
[EventRounds "9"]
[EventCountry "USA"]
[SourceTitle "CBM 204 Extra"]
[Source "ChessBase"]
[SourceDate "2021.11.30"]
[SourceVersion "1"]
[SourceVersionDate "2021.11.30"]
[SourceQuality "1"]
[WhiteTeam "Israel"]
[BlackTeam "Zimbabwe"]
[WhiteTeamCountry "ISR"]
[BlackTeamCountry "ZIM"]

1. d4 Nf6 2. c4 e6 3. Nc3 d5 4. cxd5 exd5 5. Bg5 Be7 6. e3 0-0 7. Bd3 Nbd7 8. Nge2 c6 9. Qc2 h6 10. Bh4 Re8 11. 0-0 Ne4 12. Bxe7 Qxe7 13. Bxe4 dxe4 14. Ng3 Nf6 15. Rae1 a5 16. f3 exf3 17. Rxf3 Bg4 18. Rff1 Rad8 19. h3 Be6 20. Nf5 Bxf5 21. Qxf5 Qb4 22. Re2 b5 23. Qf3 Qd6 24. Ref2 Re7 25. Qe2 Rde8 26. Rxf6 gxf6 27. Qg4+ Kf8 28. Qh5 Qg3 29. Qxh6+ Qg7 30. Qf4 Rxe3 31. Qd6+ Kg8 32. Qxc6 Re1 33. Nd5 Rxf1+ 34. Kxf1 Re6 35. Qc8+ Kh7 36. Nf4 Re7 37. Qf5+ Kh8 38. h4 Kg8 39. Qc8+ Qf8 40. Qc6 Qe8 41. Qf3 Re1+ 42. Kf2 Rb1 43. Kg3 Rxb2 44. Nd5 Qe1+ 45. Kg4 Qe6+ 46. Kh5 Qe2 47. Nxf6+ Kg7 48. Ne8+ Qxe8 49. Qg3+ Kf8 50. Qd6+ Qe7 51. Qb8+ Kg7 52. Qg3+ Kh7 53. Qd3+ Kh8 54. g4 Qf6 55. g5 Qg6+ 56. Qxg6 fxg6+ 57. Kxg6 Rd2 0-1